Prueba de la Ciudad de Nueva York - Estadísticas

Estadísticas generales
  • Esta prueba ha sido intentada 44 veces
    35 desde el último reinicio
  • La puntuación promedio es 15 de 23
Estadísticas de respuestas
Pista Respuesta % Correcto
País que donó la Estatua de la Libertad en 1886 Francia
97%
Año en que el World Trade Center torres se derrumbaron 2001
94%
Cinco boroughs de Nueva York Manhattan
90%
Edificio más alto de 1931 a 1971 Edificio {Empire} {State}
87%
Famosa parque rectangular Parque {Central}
87%
Calle asociado con finanzas {Wall} Street
87%
Cinco boroughs de Nueva York El Bronx
84%
Aeropuertos en Nueva York Kennedy
84%
Cinco boroughs de Nueva York Queens
84%
Apodo de Nueva York Gran {Manzana}
81%
Famosa plaza en Broadway {Times} Square
81%
Cinco boroughs de Nueva York Brooklyn
77%
Gran río que separa Nueva York del estado mencionado Río Hudson
77%
Estado al oeste de Nueva York Nueva Jersey
71%
Cinco boroughs de Nueva York Staten Island
68%
Aeropuertos en Nueva York LaGuardia
48%
Museo de arte diseñado por Frank Lloyd Wright Guggenheim
42%
Edificio más alto ahora Torre de la {Libertad}
42%
Escuela de la Ivy League Columbia
35%
Presidente nacido en 1858 Theodore Roosevelt
35%
Isla conocida por su historia de inmigración a los Estados Unidos Ellis
32%
Barrio de playa conocida por sus parques temáticos {Coney} Island
26%
Este barrio tenía un "renacimiento" Harlem
23%
No se encontraron pruebas coincidentes
Distribución de puntuación
Porcentaje de gente con cada puntuación
Porcentaje por número respondido
Historial de tus puntuaciones
No has intentado esta prueba desde el último reinicio